000 00350nam a2200145Ia 4500
008 150201s2013 xx 000 0 und d
082 _a618.92
_bO13P
100 _aPOSNER, GLENND.
245 _aOXORN-FOOTE HUMAN LABOR & BIRTH
250 _a6TH
260 _bMCGROW HILL
_aINDIA
_c2013
300 _a1-782
650 _aPAEDIATRICS
942 _2ddc
_cBK
999 _c1672
_d1672